000 00522nam a2200169 4500
001 113575
003 ES-MaACL
005 20230906185938.0
007 t|
008 061121s1974 sp r ||||1| spa d
100 1 _aPalao y García-Suelto, Manuel.
_988478
245 1 0 _aInformática de gestión para directivos /
_cpor Manuel Palao y García-Suelto.
250 _a1ª ed.
260 _aMadrid :
_bLibreria Técnica Bellisco,
_c1974.
300 _aXV, 329 p. :
_bil. ;
_c24 cm.
852 _aES-MaACL
_jC-56459
_bR.89199
999 _c113575
_d113575